|
|
|
|
| LEADER |
00000nam0a2200000 4500 |
| 001 |
299429 |
| 005 |
20231102001213.0 |
| 035 |
|
|
|a (RuTPU)RU\TPU\book\324581
|
| 090 |
|
|
|a 299429
|
| 100 |
|
|
|a 20150629d1966 km y0rusy50 ca
|
| 101 |
0 |
|
|a rus
|
| 102 |
|
|
|a RU
|
| 105 |
|
|
|a y z 001zy
|
| 200 |
1 |
|
|a Диалектика части и целого в живой природе
|f Г. А. Югай
|g Всесоюзное общество "Знание"
|
| 210 |
|
|
|a Москва
|c Знание
|d 1966
|
| 215 |
|
|
|a 32 с.
|
| 225 |
1 |
|
|a Философские проблемы биологии
|
| 320 |
|
|
|a Библиогр.: с. 32.
|
| 606 |
1 |
|
|a Биология
|x Философские проблемы
|2 stltpush
|3 (RuTPU)RU\TPU\subj\28714
|9 52217
|
| 610 |
1 |
|
|a витализм
|
| 610 |
1 |
|
|a механицизм
|
| 610 |
1 |
|
|a противоречие
|
| 610 |
1 |
|
|a часть
|
| 610 |
1 |
|
|a целое
|
| 610 |
1 |
|
|a дифференциация
|
| 610 |
1 |
|
|a интеграция
|
| 610 |
1 |
|
|a саморегуляция
|
| 610 |
1 |
|
|a живые системы
|
| 675 |
|
|
|a 57:1
|v 4
|
| 700 |
|
1 |
|a Югай
|b Г. А.
|g Герасим Андреевич
|
| 712 |
0 |
2 |
|a Всесоюзное общество "Знание"
|c (1963-1991)
|c (Москва)
|2 stltpush
|3 (RuTPU)RU\TPU\col\9744
|9 24745
|
| 801 |
|
1 |
|a RU
|b 63413507
|c 20150629
|
| 801 |
|
2 |
|a RU
|b 63413507
|c 20150702
|g RCR
|
| 942 |
|
|
|c BK
|